| 000 | 00394nam a2200169Ia 4500 | ||
|---|---|---|---|
| 008 | 210210b1902 xxu||||| |||| 00| 0 eng d | ||
| 041 | _aeng | ||
| 082 | _a519/53 | ||
| 100 | _aGORST (J E) | ||
| 245 | _aTeaching of mathematics | ||
| 260 |
_aLondon _bMacmillan & Co. Ltd. _c1902 |
||
| 650 | _aTeaching | ||
| 650 | _aof | ||
| 650 | _amathematics | ||
| 690 | _aMathematics | ||
| 906 | _a007914 | ||
| 999 |
_c140772 _d140772 |
||